Statistics for Every Manager that has been in the Premier League

Click here to take the quiz!

General Stats

  • This quiz has been taken 10 times
  • The average score is 68 of 240

Answer Stats

Hint/teamsAnswer/Managers% Correct
ArsenalArsene Wenger
100%
EvertonCarlo Ancelotti
89%
Tottenham HotspurJose Mourinho
89%
LiverpoolJurgen Klopp
89%
Manchester CityPep Guardiola
89%
Manchester UnitedAlex Ferguson
78%
Leicester CityBrendan Rodgers
78%
West Ham UnitedDavid Moyes
78%
EvertonDuncan Ferguson
78%
ChelseaFrank Lampard
78%
Queens Park RangersHarry Redknapp
78%
Manchester UnitedLouis Van Gaal
78%
ArsenalMikel Arteta
78%
Manchester UnitedOle Gunnar Solskjaer
78%
West Bromwich AlbionSam Allardyce
78%
Newcastle UnitedSteve Bruce
78%
Crystal PalaceAlan Smith
67%
Tottenham HotspurAndre Villas-Boas
67%
ChelseaAntonio Conte
67%
ArsenalBruce Rioch
67%
Aston VillaDean Smith
67%
AFC BournemouthEddie Howe
67%
Derby CountyJim Smith
67%
LiverpoolKenny Dalglish
67%
West Ham UnitedKevin Keen
67%
SouthamptonMark Hughes
67%
Crystal PalaceRoy Hodgson
67%
Manchester UnitedRyan Giggs
67%
FulhamScott Parker
67%
Blackburn RoversSteve Kean
67%
EvertonWalter Smith
67%
West Ham UnitedAvram Grant
56%
Newcastle UnitedBobby Robson
56%
West Bromwich AlbionBryan Robson
56%
Brighton and Hove AlbionChris Hughton
56%
Sheffield UnitedChris Wilder
56%
Leicester CityClaude Puel
56%
FulhamClaudio Ranieri
56%
Crystal PalaceFrank De Boer
56%
Tottenham HotspurGeorge Graham
56%
West Ham UnitedManuel Pellegrini
56%
Leeds UnitedMarcelo Bielsa
56%
Tottenham HotspurMauricio Pochettino
56%
ChelseaMaurizio Sarri
56%
Cardiff CityNeil Warnock
56%
Wolverhampton WanderersNuno Espirito Santo
56%
Hull CityPhil Brown
56%
Newcastle UnitedRafael Benitez
56%
EvertonRonald Koeman
56%
SunderlandRoy Keane
56%
Newcastle UnitedRuud Gullit
56%
BurnleySean Dyche
56%
ChelseaThomas Tuchel
56%
Stoke CityTony Pulis
56%
ArsenalUnai Emery
56%
West Ham UnitedAlan Curbishley
44%
West Bromwich AlbionAlan Pardew
44%
Newcastle UnitedAlan Shearer
44%
Nottingham ForestBrian Clough
44%
Aston VillaDavid O'Leary
44%
Leeds UnitedEddie Gray
44%
ChelseaFelipe Scolari
44%
Nottingham ForestFrank Clark
44%
ChelseaGianluca Vialli
44%
Tottenham HotspurGlenn Hoddle
44%
EvertonHoward Kendall
44%
EvertonMarco Silva
44%
SunderlandMartin O'Neill
44%
Wolverhampton WanderersMick McCarthy
44%
Bolton WanderersOwen Coyle
44%
SunderlandPaolo Di Canio
44%
Blackburn RoversPaul Ince
44%
Derby CountyPaul Jewell
44%
ChelseaRoberto Di Matteo
44%
Manchester CityRoberto Mancini
44%
Bolton WanderersSammy Lee
44%
West Bromwich AlbionSlaven Bilic
44%
Aston VillaStuart Gray
44%
Manchester CityStuart Pearce
44%
Manchester CityAlan Ball
33%
Manchester CityBrian Kidd
33%
Leicester CityCraig Shakespeare
33%
Norwich CityDaniel Farke
33%
Wolverhampton WanderersDave Jones
33%
MiddlesbroughGareth Southgate
33%
West Bromwich AlbionGary Megson
33%
Aston VillaGerard Houllier
33%
West Ham UnitedGianfranco Zola
33%
Newcastle UnitedGraeme Souness
33%
Brighton and Hove AlbionGraham Potter
33%
Aston VillaGraham Taylor
33%
SunderlandGustavo Poyet
33%
ChelseaGuus Hiddink
33%
EvertonJoe Royle
33%
SunderlandKevin Ball
33%
Newcastle UnitedKevin Keegan
33%
Leicester CityMicky Adams
33%
Norwich CityNeil Adams
33%
WatfordNigel Pearson
33%
Stoke CityPaul Lambert
33%
Leicester CityPeter Taylor
33%
SouthamptonRalph Hasenhuttl
33%
ChelseaRay Wilkins
33%
EvertonRoberto Martinez
33%
Nottingham ForestRon Atkinson
33%
ArsenalStewart Houston
33%
Aston VillaTim Sherwood
33%
PortsmouthTony Adams
33%
Aston VillaAlex McLeish
22%
Norwich CityAlex Neil
22%
FulhamChris Coleman
22%
Tottenham HotspurClive Allen
22%
Derby CountyColin Todd
22%
Sheffield WednesdayDanny Wilson
22%
West Bromwich AlbionDarren Moore
22%
Leicester CityDave Bassett
22%
SunderlandDick Advocaat
22%
Aston VillaEric Black
22%
ArsenalFredrik Ljungberg
22%
Swansea CityGarry Monk
22%
Tottenham HotspurGerry Francis
22%
SouthamptonGordon Strachan
22%
FulhamJean Tigana
22%
Newcastle UnitedJoe Kinnear
22%
Derby CountyJohn Gregory
22%
Ipswich TownJohn Lyall
22%
Queens Park RangersKevin Bond
22%
Cardiff CityMalky Mackay
22%
FulhamMartin Jol
22%
Swansea CityMichael Laudrup
22%
Hull CityMike Phelan
22%
EvertonMike Walker
22%
West Bromwich AlbionPepe Mel
22%
Blackburn RoversRay Harford
22%
LiverpoolRoy Evans
22%
West Bromwich AlbionSteve Clarke
22%
ReadingSteve Coppell
22%
Newcastle UnitedSteve McClaren
22%
Bradford CityStuart McCall
22%
Manchester CitySven-Goran Eriksson
22%
Sheffield WednesdayTrevor Francis
22%
West Ham UnitedBilly Bonds
11%
Derby CountyBilly Davies
11%
Swansea CityBob Bradley
11%
Manchester CityBrian Horton
11%
Aston VillaBrian Little
11%
Tottenham HotspurChristian Gross
11%
EvertonDave Watson
11%
Tottenham HotspurDavid Pleat
11%
EvertonDavid Unsworth
11%
Huddersfield TownDavid Wagner
11%
ChelseaDavid Webb
11%
ChelseaEddie Newton
11%
FulhamFelix Magath
11%
WatfordHayden Mullins
11%
SunderlandHoward Wilkinson
11%
Crystal PalaceIan Holloway
11%
ChelseaIan Porterfield
11%
WatfordJavier Gracia
11%
PortsmouthJoe Jordan
11%
Newcastle UnitedJohn Carver
11%
Swindon TownJohn Gorman
11%
Tottenham HotspurJuande Ramos
11%
FulhamLawrie Sanchez
11%
Queens Park RangersMark Bowen
11%
Huddersfield TownMark Hudson
11%
SouthamptonMauricio Pellegrino
11%
Leicester CityMichael Appleton
11%
PortsmouthPaul Hart
11%
Sheffield UnitedPaul Heckingbottom
11%
Leeds UnitedPeter Reid
11%
Sheffield WednesdayPeter Shreeves
11%
Coventry CityPhil Neal
11%
Aston VillaRemi Garde
11%
Bolton WanderersRoy McFarland
11%
FulhamSlavisa Jokanovic
11%
ChelseaSteve Holland
11%
Wolverhampton WanderersTerry Connor
11%
Manchester CityTony Book
11%
PortsmouthVelimir Zajec
11%
WatfordAidy Boothroyd
0%
MiddlesbroughAitor Karanka
0%
PortsmouthAlain Perrin
0%
Swansea CityAlan Curtis
0%
West Bromwich AlbionAlan Irvine
0%
Bolton WanderersArchie Knox
0%
Crystal PalaceAttilio Lombardo
0%
Derby CountyBilly McEwan
0%
Coventry CityBobby Gould
0%
BurnleyBrian Laws
0%
ReadingBrian McDermott
0%
Swansea CityCarlos Carvalhal
0%
Wigan AthleticChris Hutchings
0%
Queens Park RangersChris Ramsey
0%
SouthamptonDavid Merrington
0%
Tottenham HotspurDoug Livermore
0%
ReadingEamonn Dolan
0%
Stoke CityEddie Niedzwiecki
0%
WimbledonEgil Roger Olsen
0%
WatfordEnrique Sanchez Flores
0%
Swansea CityFrancesco Guidolin
0%
Wigan AthleticFrank Barlow
0%
West Bromwich AlbionFrank Burrows
0%
Ipswich TownGeorge Burley
0%
Newcastle UnitedGlenn Roeder
0%
Hull CityIain Dowie
0%
SouthamptonIan Branfoot
0%
Tottenham HotspurJacques Santini
0%
Aston VillaJim Barron
0%
Bradford CityJim Jefferies
0%
EvertonJimmy Gabriel
0%
Aston VillaJohn Deehan
0%
Crystal PalaceKeith Millen
0%
SouthamptonKelvin Davis
0%
Aston VillaKevin MacDonald
0%
MiddlesbroughLennie Lawrence
0%
Swansea CityLeon Britton
0%
Charlton AthleticLes Reed
0%
Leicester CityMark McGhee
0%
Leicester CityMike Stowell
0%
ReadingNigel Adkins
0%
Norwich CityNigel Worthington
0%
Tottenham HotspurOsvaldo Ardiles
0%
Swansea CityPaul Clement
0%
Ipswich TownPaul Goddard
0%
SouthamptonPaul Sturrock
0%
FulhamRay Lewington
0%
FulhamRene Meulensteen
0%
SunderlandRicky Sbragia
0%
West Bromwich AlbionRob Kelly
0%
Crystal PalaceRon Noades
0%
MiddlesbroughSteve Agnew
0%
Tottenham HotspurSteve Perryman
0%
Bolton WanderersSteve Wigley
0%
Newcastle UnitedTerry McDermott
0%
Leeds UnitedTerry Venables
0%
West Bromwich AlbionTony Mowbray
0%
Blackburn RoversTony Parkes
0%
West Ham UnitedTrevor Brooking
0%
WatfordWalter Mazzarri
0%

Score Distribution

Percentile by Number Answered

Percent of People with Each Score

Your Score History

You have not taken this quiz